00592 2200229 4500001002100000005001500021035002000036007000300056008004100059020002200100082001000122084001600132100001700148245003600165250001900201260003100220300004700251650002000298700001600318700001200334990001600346INLIS00000000000003520220514094906 a0010-0522000017ta220514 b 0 ind  a978-602-434-136-7 a372.2 a372.2 IRE p0 aIrene M.J.A.1 aPengalamanku 1e /cIrene M.J.A. aKurikulum 2013 aJakarta :bErlangga,c2016 a110 halaman :bilustrasi berwarna ;c26 cm 4aTematik Terpadu0 aDwi Tyas K.0 aWini K. a00000000036